| 000 | 00395nam a2200169Ia 4500 | ||
|---|---|---|---|
| 008 | 210210b1932 xxu||||| |||| 00| 0 eng d | ||
| 041 | _aeng | ||
| 082 | _a881/17 | ||
| 100 | _aCHAUDHURI (Je Bi) | ||
| 245 | _aSanskrit dUtakAvya sangraha | ||
| 260 |
_aCalcutta _b- _c1932 |
||
| 650 | _aSanskrit | ||
| 650 | _asangraha | ||
| 650 | _adutakAvya | ||
| 690 | _aSanskrit Poetry | ||
| 906 | _a024189 | ||
| 999 |
_c149536 _d149536 |
||